000 00459nam a2200181Ia 4500
001 24361
005 20260414151038.0
008 260414t1987||||xx |||||||||||||| ||spa||
041 _aESP
082 _a345.52L
_bB74
100 _aBorea Odría, Alberto [1951-...]
_eAUT
245 0 _aEl amparo el habeas corpus en el Perú de hoy
_b
260 _c1987
300 _a390 páginas :
_c20 cm.
650 _aDER
654 _aCDE
942 _cLIB
_dJUS
_fJUS
_2ddc
_n
999 _c24361
_d24361